Home Print Resources E-Books E-Journals IIMT Lecture Series Library Membership Form Book Recommendation Form Campus Tour Take AdmissionAbout Us Contact Us

PRODUCTION OPERATION MANAGEMENT (Record no. 1889)

000 -LEADER
fixed length control field 00334nam a2200145Ia 4500
003 - CONTROL NUMBER IDENTIFIER
control field OSt
005 - DATE AND TIME OF LATEST TRANSACTION
control field 20240229102136.0
008 - FIXED-LENGTH DATA ELEMENTS--GENERAL INFORMATION
fixed length control field 170523s9999 xx 000 0 und d
020 ## - INTERNATIONAL STANDARD BOOK NUMBER
International Standard Book Number 978-0877095248
040 ## - CATALOGING SOURCE
Transcribing agency iimt
100 ## - MAIN ENTRY--PERSONAL NAME
Personal name MORTIN
245 #0 - TITLE STATEMENT
Title PRODUCTION OPERATION MANAGEMENT
260 ## - PUBLICATION, DISTRIBUTION, ETC.
Name of publisher, distributor, etc. THOMSON ,,,VIKAS
942 ## - ADDED ENTRY ELEMENTS (KOHA)
Source of classification or shelving scheme
Koha item type Text-Book- for 7 days
Holdings
Withdrawn status Lost status Source of classification or shelving scheme Damaged status Not for loan Home library Current library Date acquired Coded location qualifier Total Checkouts Barcode Date last seen Price effective from Koha item type Public note Date last checked out
          IIMT University Central Library Meerut IIMT University Central Library Meerut 05/31/2017 Dept. MBA   01-B-9190 05/31/2017 05/31/2017 Book Bank management departmental library books update march 2019  
          IIMT University Central Library Meerut IIMT University Central Library Meerut 05/31/2017   1 01-B-9191 09/25/2019 05/31/2017 Book Bank   09/25/2019
          IIMT University Central Library Meerut IIMT University Central Library Meerut 05/31/2017     01-B-9192 05/31/2017 05/31/2017 Book Bank    
          IIMT University Central Library Meerut IIMT University Central Library Meerut 05/31/2017     01-B-9193 05/31/2017 05/31/2017 Book Bank    
IIMT, Central Library. All Rights Reserved IIMT,UNIVERSITY © 2023
Implemented and Customised by I CLOUDE EMS
You Are OPAC Visitor No
free web counter

Powered by Koha